000 00494nam a22001817a 4500
003 KOHA_MİRAKIL
005 20260325134306.0
008 260325b tu ||||| |||| 00| 0 tur d
040 _aTR-AnABB
_btur
_cTR-AnABB
041 _atur
082 _a811.42
_bOZD
100 1 _aÖzden, Yekta Güngör
245 1 0 _aTaş ayna/
_cYekta Güngör Özden
260 _a[y.y.] :
_b[yayl.y.],
_c[t.y.]
300 _a63 sayfa:
_c17 cm
650 0 4 _aTürk edebiyatı, şiir
942 _2ddc
_cBK
999 _c10051
_d10051
900 _bCem ÖZOGLU